Project research funding in Slovakia

Analýza prerozdelenia finančnej podpory slovenských vysokých škôl z troch zdrojov - dvoch národných agentúr (VEGA a APVV) a európskych štrukturálnych a investičných fondov, kde boli zriadené dva operačné programy pre univerzity (OP Vzdelávanie a OP Výskum a Rozvoj); výsledky štúdie na 18 verejných v...

Full description

Saved in:
Bibliographic Details
Main Author: Lešková, Alexandra, 1990-
Other Authors: Šipikal, Miroslav, 1976-
Format: Book Chapter
Language:English
Subjects:
Tags: Add Tag
No Tags, Be the first to tag this record!

MARC

LEADER 00000nla a2200000 4500
001 0239378
005 20240502083642.8
041 0 |a eng 
044 |a RS 
245 1 0 |a Project research funding in Slovakia  |c Alexandra Lešková, Miroslav Šipikal 
520 |a Analýza prerozdelenia finančnej podpory slovenských vysokých škôl z troch zdrojov - dvoch národných agentúr (VEGA a APVV) a európskych štrukturálnych a investičných fondov, kde boli zriadené dva operačné programy pre univerzity (OP Vzdelávanie a OP Výskum a Rozvoj); výsledky štúdie na 18 verejných vysokých školách a ich 100 fakultách v období 2007-2015. 
610 2 0 |a financovanie vývoja 
610 2 0 |a financovanie projektové 
610 2 0 |a financovanie 
610 2 0 |a výskum 
610 2 0 |a vzdelávanie 
610 2 0 |a univerzity 
610 2 0 |a školy vysoké 
610 2 0 |a projekty 
610 2 0 |a podpora vedy a výskumu 
610 2 0 |a politika kohézna 
610 2 0 |a fondy štruktúrne 
610 2 0 |a fondy investičné 
610 2 0 |a programy operačné 
610 2 0 |a Slovensko 
610 2 0 |a Európska únia 
610 2 0 |a financovanie vedy 
100 1 |a Lešková, Alexandra, 1990- 
700 1 |a Šipikal, Miroslav, 1976-